Top 10 Artist by Genre - Statistics

General Stats
  • This quiz has been taken 46 times
  • The average score is 34 of 80
Answer Stats
Hint Answer Song % Correct
Popstar 5 Taylor Swift Shake it Off
95%
Rapper 1. Drake God's Plan
93%
Classic Rock 2 Queen Bohemian Rhapsody
88%
Rapper 3. Eminem Without Me
86%
Hard Rock 2 Nirvana Smells like Teen Spirit
86%
Classic Rock 1 The Beatles Hey Jude
86%
RnB 2 Beyonce Single Ladies
84%
RnB 1 The Weeknd Blinding Lights
84%
Hard Rock 6 AC/DC Thunderstruck
81%
Popstar 3 Coldplay Viva la Vida
81%
Classic Rock 8 Elton John Rocketman
79%
Popstar 10 Katy Perry Fireworks
79%
Popstar 6 Ariana Grande 7 rings
77%
Classic Rock 10 Bon Jovi Livin' on a Prayer
77%
Popstar 1 Justin Bieber Sorry
77%
RnB 6 Michael Jackson Smooth Criminal
77%
Popstar 4 Billie Eilish Bad guy
74%
Rapper 2. Kendrick Lamar HUMBLE
74%
Hard Rock 7 Metallica Enter Sandman
74%
RnB 3 RIhanna Please don't stop the music
70%
Hard Rock 5 Red Hot Chili Peppers Californication
67%
Popstar 8 Maroon 5 Girls like you
65%
Classic Rock 4 The Rolling Stones Paint it, Black
65%
Classic Rock 6 Billy Joel Piano Man
63%
Hard Rock 8 Green Day Wake Me Up When September Ends
63%
Country 5 Jelly Roll Wild Onnes
63%
Hard Rock 1 Linkin Park In the end
63%
Rapper 4. Post Malone Sunflower
63%
Popstar 2 Lady Gaga Telephone
60%
Rapper 5. Travis Scott Sicko Mode
60%
RnB 7 Bruno Mars Talking to the Moon
58%
K-Pop 1 BTS Butter
58%
Hard Rock 3 Foo Fighters Everlong
56%
Country 6 Dolly Parton 9 to 5
53%
Popstar 9 Dua Lipa Levitating
53%
Classic Rock 9 Guns N' Roses Paradise City
51%
Rapper 5. Kanye West Heartless
51%
Popstar 7 Sabrina Carpenter please please please
51%
RnB 5 SZA Kill Bill
51%
RnB 8 Usher DJ got us falling in love
44%
Rapper 6. Future Mask Off
42%
K-Pop 2 Blackpink Ice Cream
40%
Classic Rock 5 Pink Floyd Money
40%
Country 2 Zach Bryan Something in the Orange
40%
Country 1 Morgan Wallen 7 Summers
35%
Rapper 8. Tyler, The Creator See you again
35%
Indie Pop 1 Chappel Roan HOT TO GO
33%
Rapper 7. Lil Wayne Lollipop
33%
Country 9 Luke Bryan Shake it
30%
Indie Pop 5 Lana Del Rey Summertime Series
23%
Hard Rock 9 Radiohead Let Down
23%
Classic Rock 3 Led Zeppelin Simple Man
21%
Rapper 10. 21 Savage Bank Account
19%
Country 3 Luke Combs Hurricane
19%
Country 7 Shania Twain You're Still The One
19%
Hard Rock 4 System of the Down Chop Suey!
19%
K-Pop 6 V Winter Ahead
19%
Classic Rock 7 Aerosmith Amazing
16%
Indie Pop 6 Artic Monkeys 505
16%
Country 4 Chris Stapleton Broken Halos
14%
Indie Pop 10 Phoebe Bridgers Scott Street
14%
K-Pop 9 TWICE The feels
14%
K-Pop 3 Jungkook Seven
12%
Indie Pop 4 Dv4d Romantic Homicide
9%
Country 10 George Strait Check Yes or No
9%
RnB 4 Chris Brown Run it
7%
K-Pop 7 Jennie Love to Hate me
7%
K-Pop 4 Jimin Who
7%
Hard Rock 10 Nickelback Animals
7%
Country 8 Thomas Rhett Marry Me
7%
K-Pop 10 j-hope Killin it Girl
5%
Indie Pop 8 Steve Lacy Infrunami
5%
K-Pop 5 Stray Kids Lose my Breath
5%
Indie Pop 3 Beabadoobee Apple Cider
2%
Indie Pop 9 Kali Uchis Melting
2%
K-Pop 8 SEVENTEEN HOT
2%
Indie Pop 7 Suki Waterhouse Good Looking
2%
RnB 9 Summer Walker White tee
2%
RnB 10 Kehlani After Hours
0%
Indie Pop 2 Laufey Valentine
0%
No matching quizzes found
Score Distribution
Percent of People with Each Score
Percentile by Number Answered
Your Score History
You have not taken this quiz